[Event "Women's Speed Chess Q6"]
[Site "chess.com INT"]
[Date "2021.06.05"]
[Round "1"]
[White "Shuvalova, Polina"]
[Black "Kotepalli, Sai Nirupama"]
[Result "1-0"]
[WhiteTitle "IM"]
[BlackTitle "WFM"]
[WhiteElo "2489"]
[BlackElo "1914"]
[WhiteFideId "24171760"]
[BlackFideId "5039444"]
[EventDate "2021.06.05"]

1. e4 c5 2. Nf3 e6 3. g3 Nc6 4. Bg2 g6 5. d4 cxd4 6. Nxd4 Bg7 7. Nxc6 bxc6 8. c4
Ba6 9. Qa4 Bb7 10. O-O Ne7 11. Bg5 h6 12. Be3 Bxb2 13. Nd2 Bg7 14. Rab1 Qc8 15.
c5 O-O 16. Rfd1 Rd8 17. Nc4 Qc7 18. Bf4 e5 19. Bd2 Nc8 20. Ba5 1-0

[Event "Women's Speed Chess Q6"]
[Site "chess.com INT"]
[Date "2021.06.05"]
[Round "1"]
[White "Smietanska, Wiktoria"]
[Black "Mendoza, Shania Mae"]
[Result "0-1"]
[WhiteTitle "CM"]
[BlackTitle "WFM"]
[WhiteElo "1802"]
[BlackElo "2158"]
[WhiteFideId "21869359"]
[BlackFideId "5211158"]
[EventDate "2021.06.05"]

1. c4 e5 2. Nc3 Bb4 3. Nd5 Bc5 4. Nf3 d6 5. d4 exd4 6. Nxd4 Nc6 7. e3 Nf6 8. Be2
O-O 9. b3 Nxd5 10. cxd5 Nxd4 11. exd4 Bb4+ 12. Bd2 Bxd2+ 13. Qxd2 Qf6 14. O-O
Bf5 15. Bf3 h6 16. Rac1 Rac8 17. Rc3 Rfe8 18. Rfc1 Re7 19. h3 b6 20. Rc5 bxc5
21. dxc5 Rce8 22. c6 Bxh3 0-1

[Event "Women's Speed Chess Q6"]
[Site "chess.com INT"]
[Date "2021.06.05"]
[Round "1"]
[White "Sukandar, Irine Kharisma"]
[Black "Fernandez, Maria Florencia"]
[Result "1-0"]
[WhiteTitle "IM"]
[BlackTitle "WIM"]
[WhiteElo "2413"]
[BlackElo "2229"]
[WhiteFideId "7101937"]
[BlackFideId "116459"]
[EventDate "2021.06.05"]

1. d4 Nf6 2. Nf3 g6 3. Nbd2 d5 4. g3 Bg7 5. Bg2 O-O 6. O-O c6 7. b3 Nbd7 8. Bb2
Re8 9. Ne5 Nxe5 10. dxe5 Nd7 11. f4 f6 12. exf6 exf6 13. e4 dxe4 14. Nxe4 Qe7
15. Re1 Qf8 16. Qd2 Rd8 17. Rad1 Re8 18. Nd6 Rd8 19. Bd5+ cxd5 20. Qxd5+ Kh8 21.
Nf7+ Kg8 22. Nxd8+ Kh8 23. Nf7+ Kg8 24. Nd6+ Kh8 25. Re8 1-0

[Event "Women's Speed Chess Q6"]
[Site "chess.com INT"]
[Date "2021.06.05"]
[Round "1"]
[White "Tokhirjonova, Gulrukhbegim"]
[Black "Kiran, Manisha Mohanty"]
[Result "1-0"]
[WhiteTitle "WGM"]
[BlackTitle "WGM"]
[WhiteElo "2344"]
[BlackElo "2168"]
[WhiteFideId "14203626"]
[BlackFideId "5019575"]
[EventDate "2021.06.05"]

1. e4 c5 2. Nf3 d6 3. d4 cxd4 4. Nxd4 Nf6 5. Nc3 Nc6 6. Bc4 e6 7. Be3 a6 8. a4
Qc7 9. Bb3 Be7 10. O-O O-O 11. Kh1 Na5 12. f4 b6 13. Qf3 Nxb3 14. cxb3 Bb7 15.
Rae1 Rac8 16. Bg1 Qb8 17. Qg3 Nd7 18. f5 e5 19. f6 Nxf6 20. Nf5 1-0

[Event "Women's Speed Chess Q6"]
[Site "chess.com INT"]
[Date "2021.06.05"]
[Round "1"]
[White "Pandey, Srishti"]
[Black "Selkirk, Rebecca"]
[Result "1-0"]
[WhiteTitle "WFM"]
[BlackTitle "WCM"]
[WhiteElo "2026"]
[BlackElo "1799"]
[WhiteFideId "35093290"]
[BlackFideId "14306514"]
[EventDate "2021.06.05"]

1. d4 d5 2. c4 c6 3. Nf3 Nf6 4. e3 e6 5. Bd3 dxc4 6. Bxc4 b5 7. Bd3 a6 8. O-O
Bb7 9. Nbd2 Nbd7 10. b3 Be7 11. Bb2 O-O 12. Rc1 Rc8 13. Qe2 c5 14. Rfd1 h6 15.
Bb1 c4 16. bxc4 bxc4 17. Nxc4 Bd5 18. Nfe5 Be4 19. Bxe4 Nxe4 20. Nxd7 Qxd7 21.
Nb6 Qb7 22. Nxc8 Rxc8 23. Rxc8+ Qxc8 24. Rc1 Qb7 25. Qc2 Nf6 26. Qc8+ Qxc8 27.
Rxc8+ Kh7 28. Ra8 Nd5 29. Rxa6 Bb4 30. Kf1 Kg6 31. Ke2 Kf6 32. g3 1-0

[Event "Women's Speed Chess Q6"]
[Site "chess.com INT"]
[Date "2021.06.05"]
[Round "1"]
[White "Fronda, Jan Jodilyn"]
[Black "Ziegenfuss, Antonia"]
[Result "1-0"]
[WhiteTitle "WIM"]
[BlackTitle "WFM"]
[WhiteElo "2152"]
[BlackElo "2157"]
[WhiteFideId "5204585"]
[BlackFideId "12962554"]
[EventDate "2021.06.05"]

1. e4 c5 2. Nf3 e6 3. c3 Nf6 4. e5 Nd5 5. d4 cxd4 6. cxd4 b6 7. Bd3 Bb4+ 8. Bd2
Bxd2+ 9. Nbxd2 Ba6 10. Ne4 O-O 11. O-O Bxd3 12. Qxd3 Nc6 13. Rac1 f5 14. exf6
gxf6 15. Ng3 f5 16. Ne5 Nxe5 17. dxe5 Qg5 18. Qd4 Rac8 19. f4 Qg4 20. Rcd1 Rc6
21. Rd3 Rfc8 22. h3 Qh4 23. Nxf5 Qh5 24. Rg3+ Kh8 25. Nd6 Rf8 26. f5 Rxf5 27.
Rxf5 Rc2 1-0

[Event "Women's Speed Chess Q6"]
[Site "chess.com INT"]
[Date "2021.06.05"]
[Round "1"]
[White "Varney, Zoe"]
[Black "Tarasova, Viktoriya"]
[Result "0-1"]
[WhiteTitle "WCM"]
[BlackTitle "WIM"]
[WhiteElo "1917"]
[BlackElo "2226"]
[WhiteFideId "436135"]
[BlackFideId "4175840"]
[EventDate "2021.06.05"]

1. e4 c5 2. Nf3 d6 3. d4 cxd4 4. Nxd4 Nf6 5. Nc3 a6 6. Be3 e5 7. f3 exd4 8. Bxd4
Be7 9. Bd3 Nc6 10. Be3 O-O 11. Qd2 Ne5 12. Be2 b5 13. O-O-O Be6 14. g4 b4 15.
Nd5 Bxd5 16. exd5 Qa5 17. Kb1 Rfc8 18. h4 Nc4 19. Bxc4 Rxc4 20. h5 Rac8 21. g5
Nd7 22. g6 Rxc2 23. gxh7+ Kh8 24. Qxc2 Rxc2 25. Kxc2 Qxa2 26. h6 g6 27. Bd4+
Kxh7 28. Rde1 Qc4+ 29. Kb1 Qd3+ 30. Ka1 Ne5 31. Bxe5 dxe5 32. Rxe5 Bf6 33. Ree1
Qa3+ 0-1

[Event "Women's Speed Chess Q6"]
[Site "chess.com INT"]
[Date "2021.06.05"]
[Round "1"]
[White "Starosta, Martyna"]
[Black "Belenkaya, Dina"]
[Result "0-1"]
[WhiteTitle "WCM"]
[BlackTitle "WGM"]
[WhiteElo "1910"]
[BlackElo "2341"]
[WhiteFideId "21818754"]
[BlackFideId "24142654"]
[EventDate "2021.06.05"]

1. e4 d5 2. exd5 Qxd5 3. Nc3 Qe5+ 4. Be2 c6 5. Nf3 Qc7 6. O-O Nf6 7. d4 Bf5 8.
Ne5 e6 9. Bf4 Bd6 10. Bg3 Nbd7 11. Nxd7 Qxd7 12. Bxd6 Qxd6 13. Bd3 O-O-O 14.
Bxf5 exf5 15. Qf3 g6 16. Rad1 Rhe8 17. h3 Ne4 18. Ne2 Qb4 19. c3 Qxb2 20. Rb1
Qa3 21. Ng3 Nd2 22. Qf4 Nxb1 23. Rxb1 Qd6 24. Qf3 Qd5 25. Qf4 Qxa2 26. Rc1 Qb2
27. c4 Qxd4 28. Qg5 Qd2 0-1

[Event "Women's Speed Chess Q6"]
[Site "chess.com INT"]
[Date "2021.06.05"]
[Round "1"]
[White "Klinova, Masha"]
[Black "Kubicka, Anna"]
[Result "0-1"]
[WhiteTitle "IM"]
[BlackTitle "WIM"]
[WhiteElo "2275"]
[BlackElo "2210"]
[WhiteFideId "2802015"]
[BlackFideId "1152254"]
[EventDate "2021.06.05"]

1. e4 c5 2. Nf3 d6 3. Bb5+ Nd7 4. O-O a6 5. Bxd7+ Bxd7 6. d4 cxd4 7. Qxd4 Nf6 8.
c4 Rc8 9. Bg5 e5 10. Qd3 h6 11. Bxf6 Qxf6 12. Nc3 Be7 13. Nd5 Qe6 14. Nb6 Rc6
15. Nxd7 Qxd7 16. b3 O-O 17. a4 f5 18. Nxe5 fxe4 19. Nxd7 exd3 20. Nxf8 Kxf8 21.
Rad1 b5 22. cxb5 axb5 23. Rxd3 bxa4 24. bxa4 Ra6 25. Ra1 Bf6 26. Ra2 Ke7 27. g3
Ke6 28. h4 d5 29. Kg2 d4 30. a5 Kd5 31. Ra4 Ke4 32. Rd1 Be5 33. Kf1 Kd5 34. Ke2
Kc5 35. Rb1 Bc7 36. Kd3 Rxa5 37. Rc1+ Kb5 38. Rxa5+ Bxa5 39. h5 Bc3 40. Re1 Bxe1
41. Kxd4 Bxf2+ 42. Ke4 Bxg3 0-1

[Event "Women's Speed Chess Q6"]
[Site "chess.com INT"]
[Date "2021.06.05"]
[Round "1"]
[White "Linares Napoles, Oleiny"]
[Black "Zaksaite, Salomeja"]
[Result "1-0"]
[WhiteTitle "WGM"]
[BlackTitle "WIM"]
[WhiteElo "2255"]
[BlackElo "2202"]
[WhiteFideId "3504794"]
[BlackFideId "12801496"]
[EventDate "2021.06.05"]

1. d4 Nf6 2. Bf4 g6 3. Nc3 Bg7 4. e4 d6 5. Qd2 h6 6. O-O-O Nbd7 7. Nf3 b6 8. e5
Nh5 9. Be3 Bb7 10. Bb5 c6 11. Ba4 dxe5 12. dxe5 Nxe5 13. Qe2 Qc7 14. g4 Nxf3 15.
gxh5 Ne5 16. f4 Nd7 17. Nd5 cxd5 18. hxg6 fxg6 19. Qd3 O-O-O 20. Qxg6 d4 21.
Qxg7 dxe3 22. Rhe1 Nc5 23. Bb5 Rxd1+ 24. Rxd1 Qxf4 25. Qxh8+ Kc7 26. Qd8# 1-0

[Event "Women's Speed Chess Q6"]
[Site "chess.com INT"]
[Date "2021.06.05"]
[Round "1"]
[White "Eswaran, Ashritha"]
[Black "Singgih, Diajeng Theresa"]
[Result "1-0"]
[WhiteTitle "WIM"]
[BlackTitle "WFM"]
[WhiteElo "2244"]
[BlackElo "1972"]
[WhiteFideId "2080788"]
[BlackFideId "7104391"]
[EventDate "2021.06.05"]

1. e4 e5 2. Nf3 Nc6 3. d4 exd4 4. Nxd4 Bc5 5. Be3 Nf6 6. Nxc6 bxc6 7. Bxc5 d6 8.
Be3 O-O 9. Be2 Nxe4 10. O-O d5 11. c3 f5 12. f3 Nd6 13. Bc5 f4 14. Na3 Qg5 15.
Kh1 Rf6 16. Nc2 Rh6 17. Kg1 Qh4 18. h3 Bxh3 19. Ne1 Bd7 20. Bd3 Re8 21. Qd2 Qh2+
22. Kf2 Bh3 23. Rg1 Qg3+ 24. Kf1 Rxe1+ 25. Rxe1 Qxf3+ 26. Bf2 Ne4 27. Bxe4 dxe4
28. Qd8+ Kf7 29. Qxc7+ Kg8 30. gxh3 Qxh3+ 31. Rg2 Qd3+ 32. Kg1 e3 33. Qxg7# 1-0

[Event "Women's Speed Chess Q6"]
[Site "chess.com INT"]
[Date "2021.06.05"]
[Round "1"]
[White "Petrova, Irina"]
[Black "Vine, Elzbieta"]
[Result "1-0"]
[WhiteTitle "WIM"]
[BlackTitle "WFM"]
[WhiteElo "2110"]
[BlackElo "2138"]
[WhiteFideId "14124122"]
[BlackFideId "1119320"]
[EventDate "2021.06.05"]

1. e4 c5 2. Nf3 Nc6 3. Bb5 e5 4. Bxc6 dxc6 5. d3 Qc7 6. Nc3 Bg4 7. Be3 O-O-O 8.
h3 Bh5 9. Qe2 Ne7 10. Bxc5 b6 11. Be3 f5 12. exf5 Nxf5 13. g4 Nxe3 14. Qxe3 Bf7
15. O-O-O Bd6 16. Rhe1 Rhe8 17. Kb1 b5 18. Ng5 Bg8 19. Nge4 Bf8 20. Nc5 b4 21.
N3e4 Qa5 22. b3 Rd5 23. Na4 h6 24. Qf3 Be7 25. Qf5+ Kb8 26. Qg6 Bd8 27. Qxe8 1-0

[Event "Women's Speed Chess Q6"]
[Site "chess.com INT"]
[Date "2021.06.05"]
[Round "1"]
[White "Pourkashiyan, Atousa"]
[Black "Grigoryan, Meri"]
[Result "1-0"]
[WhiteTitle "WGM"]
[BlackTitle "WFM"]
[WhiteElo "2322"]
[BlackElo "2044"]
[WhiteFideId "12502014"]
[BlackFideId "13300571"]
[EventDate "2021.06.05"]

1. e4 e5 2. Nf3 Nc6 3. Bb5 Nf6 4. d3 Bc5 5. c3 d6 6. O-O O-O 7. Nbd2 a6 8. Ba4
Bg4 9. h3 Bh5 10. Re1 b5 11. Bc2 Re8 12. Nf1 d5 13. Qe2 dxe4 14. dxe4 b4 15. Ng3
Bg6 16. Nh4 a5 17. Qb5 Bxf2+ 18. Kxf2 Nxe4+ 19. Bxe4 Qxh4 20. Qxc6 f5 21. Bd5+
Kh8 22. Be3 f4 23. Kg1 fxg3 24. Qc4 Qh5 25. Bxa8 Rxa8 26. Qxc7 Bf5 27. Qxe5 Rf8
28. Qxg3 1-0

[Event "Women's Speed Chess Q6"]
[Site "chess.com INT"]
[Date "2021.06.05"]
[Round "1"]
[White "Paehtz, Elisabeth"]
[Black "Balabayeva, Xeniya"]
[Result "1-0"]
[WhiteTitle "IM"]
[BlackTitle "WFM"]
[WhiteElo "2456"]
[BlackElo "2116"]
[WhiteFideId "4641833"]
[BlackFideId "13719688"]
[EventDate "2021.06.05"]

1. d4 d5 2. Bf4 Nf6 3. e3 c5 4. Nf3 Nc6 5. Nbd2 Qb6 6. dxc5 Qxb2 7. Rb1 Qc3 8.
Bb5 Bg4 9. h3 Bxf3 10. gxf3 Qxc5 11. Ba4 Qa5 12. c3 Nd7 13. Rxb7 Rc8 14. Qb3 e5
15. Rb5 Qa6 16. Bg3 Nc5 17. Rxc5 Bxc5 18. Qxd5 O-O 19. Bb3 Na5 20. Bxe5 Nxb3 21.
Qxb3 Rfd8 22. Rg1 Qd3 23. Rxg7+ Kh8 24. Rxf7+ Kg8 25. Rd7+ Kf8 1-0

[Event "Women's Speed Chess Q6"]
[Site "chess.com INT"]
[Date "2021.06.05"]
[Round "1"]
[White "Zakirova, Aisha"]
[Black "Mkrtchian, Lilit"]
[Result "0-1"]
[WhiteTitle "WCM"]
[BlackTitle "IM"]
[WhiteElo "1585"]
[BlackElo "2388"]
[WhiteFideId "13719734"]
[BlackFideId "13300601"]
[EventDate "2021.06.05"]

1. d4 Nf6 2. c4 c6 3. Nc3 d5 4. Nf3 dxc4 5. a4 Bf5 6. Ne5 Nbd7 7. Nxc4 Qc7 8. g3
e5 9. dxe5 Nxe5 10. Bf4 Nfd7 11. Bg2 g5 12. Nxe5 gxf4 13. Nxd7 O-O-O 14. Qd4
Qxd7 15. Qxh8 Qd2+ 16. Kf1 Qxb2 17. Re1 Bb4 18. Qf6 Qc2 19. Bf3 Bxc3 20. Qxf7
Bxe1 21. Kg2 Bb4 22. a5 Bxa5 23. Ra1 Bb6 24. Qe7 Qc5 25. Rf1 Qxe7 0-1

[Event "Women's Speed Chess Q6"]
[Site "chess.com INT"]
[Date "2021.06.05"]
[Round "1"]
[White "Kulkarni, Bhakti"]
[Black "Zhuravleva, Olga"]
[Result "1-0"]
[WhiteTitle "IM"]
[BlackTitle "WIM"]
[WhiteElo "2391"]
[BlackElo "2278"]
[WhiteFideId "5019516"]
[BlackFideId "4145933"]
[EventDate "2021.06.05"]

1. d4 g6 2. c4 Bg7 3. Nc3 d6 4. e4 Nc6 5. Be3 e5 6. dxe5 Nxe5 7. Nf3 Nxf3+ 8.
Qxf3 Nf6 9. h3 O-O 10. Bd3 h6 11. O-O a6 12. Rad1 Re8 13. c5 Be6 14. e5 dxe5 15.
Bxg6 Qe7 16. Bf5 Bc4 17. Rfe1 e4 18. Qg3 Kh8 19. Bd4 Rg8 20. Qe3 Be6 21. Bxe6
fxe6 22. Nxe4 e5 23. Nxf6 Qxf6 24. Bxe5 Qg6 25. Bxg7+ Rxg7 26. g3 Rag8 27. Kh2
Qf6 28. Qd4 Qf7 29. Re4 c6 30. Rh4 Kh7 31. Qe4+ Rg6 32. Rd2 Qxa2 33. Rd7+ Rg7
34. Rxh6+ 1-0

[Event "Women's Speed Chess Q6"]
[Site "chess.com INT"]
[Date "2021.06.05"]
[Round "1"]
[White "Varshini, V"]
[Black "Socko, Monika"]
[Result "0-1"]
[WhiteTitle "WGM"]
[BlackTitle "GM"]
[WhiteElo "2226"]
[BlackElo "2393"]
[WhiteFideId "5091241"]
[BlackFideId "1106619"]
[EventDate "2021.06.05"]

1. e4 e6 2. d4 d5 3. e5 c5 4. c3 Nc6 5. Nf3 Qb6 6. a3 c4 7. Be2 Bd7 8. O-O Nge7
9. Nbd2 Na5 10. Qe1 Nc8 11. Bd1 Qc7 12. Bc2 Nb6 13. Qd1 h6 14. Re1 Be7 15. Nf1
g5 16. h3 O-O-O 17. N3d2 h5 18. b4 cxb3 19. Nxb3 Nxb3 20. Bxb3 Kb8 21. a4 g4 22.
h4 Bxh4 23. Ba3 Nc8 24. c4 dxc4 25. Rc1 Bc6 26. Bxc4 Be7 27. Bxe7 Nxe7 28. Bb5
Qb6 29. Qb3 Rxd4 30. Qa3 Re8 31. Bxc6 Nxc6 32. Rb1 Qa5 33. Rec1 Ka8 34. Rb5 Qxa4
35. Qc5 Rd5 0-1

[Event "Women's Speed Chess Q6"]
[Site "chess.com INT"]
[Date "2021.06.05"]
[Round "1"]
[White "Koridze, Lile"]
[Black "Buksa, Nataliya"]
[Result "1-0"]
[WhiteTitle "WFM"]
[BlackTitle "IM"]
[WhiteElo "2016"]
[BlackElo "2413"]
[WhiteFideId "13612514"]
[BlackFideId "14123622"]
[EventDate "2021.06.05"]

1. d4 d5 2. c4 e6 3. Nf3 Nf6 4. g3 Be7 5. Bg2 O-O 6. O-O dxc4 7. Ne5 c5 8. dxc5
Qc7 9. Nxc4 Rd8 10. Qc2 Nc6 11. Be3 Nd4 12. Bxd4 Rxd4 13. b4 e5 14. Nbd2 Be6 15.
e3 Rdd8 16. Qc3 e4 17. Rad1 Rd3 18. Qc2 Rad8 19. Nb2 R3d7 20. Nxe4 Bxa2 21. Ra1
Bd5 22. Rxa7 Bxe4 23. Bxe4 Rd2 24. Qb1 Qe5 25. Nc4 Qxe4 26. Nxd2 Rxd2 27. Qxe4
Nxe4 28. Rxb7 Bf8 29. c6 Rc2 30. b5 g5 31. c7 Kg7 32. b6 Nd6 33. Rb8 Be7 34. Rd1
Ne4 35. c8=Q Rxc8 36. Rxc8 1-0

[Event "Women's Speed Chess Q6"]
[Site "chess.com INT"]
[Date "2021.06.05"]
[Round "1"]
[White "Nandhidhaa, P V"]
[Black "Arabidze, Meri"]
[Result "0-1"]
[WhiteTitle "WGM"]
[BlackTitle "IM"]
[WhiteElo "2365"]
[BlackElo "2432"]
[WhiteFideId "5050847"]
[BlackFideId "13604040"]
[EventDate "2021.06.05"]

1. e4 c5 2. c3 e6 3. d4 d5 4. exd5 exd5 5. Nf3 Nc6 6. Be2 Bd6 7. h3 Nge7 8. O-O
O-O 9. dxc5 Bxc5 10. Nbd2 Ng6 11. Nb3 Bb6 12. Nbd4 Qd6 13. Be3 a6 14. Re1 Bc7
15. Bf1 Nh4 16. g3 Nf5 17. Bf4 Qd8 18. Bxc7 Qxc7 19. Bg2 Nd6 20. Nc2 Be6 21.
Nfd4 Rfe8 22. Ne3 Ne4 23. Nxe6 fxe6 24. Bxe4 dxe4 25. Qg4 Rad8 26. Qxe4 Ne5 27.
f4 Nd3 28. Re2 Nc5 29. Qf3 e5 30. fxe5 Qxe5 31. Rae1 Nd3 32. Rd1 h6 33. Rdd2 Nc1
34. Rxd8 Nxe2+ 35. Qxe2 Rxd8 36. Qc4+ Kh8 37. Kf2 Rf8+ 38. Ke2 Qxg3 39. Ng4 Qg2+
40. Ke3 Rf3+ 41. Kd4 Rf4+ 0-1

[Event "Women's Speed Chess Q6"]
[Site "chess.com INT"]
[Date "2021.06.05"]
[Round "1"]
[White "Nguyen, Hong Ngoc"]
[Black "Berend, Elvira"]
[Result "0-1"]
[WhiteTitle "WCM"]
[BlackTitle "WGM"]
[WhiteElo "1957"]
[BlackElo "2326"]
[WhiteFideId "12403083"]
[BlackFideId "4000510"]
[EventDate "2021.06.05"]

1. e4 c5 2. Nc3 Nc6 3. g3 g6 4. Bg2 Bg7 5. d3 d6 6. Be3 Nd4 7. Nce2 Rb8 8. c3
Nxe2 9. Nxe2 b5 10. Qd2 b4 11. O-O bxc3 12. bxc3 Nf6 13. d4 cxd4 14. cxd4 O-O
15. Bh6 Ba6 16. Bxg7 Kxg7 17. Rab1 Qd7 18. Rfc1 Bxe2 19. Qxe2 Qa4 20. e5 Ng8 21.
exd6 exd6 22. d5 Nf6 23. h3 Rfe8 24. Qd2 Qa3 25. Rxb8 Rxb8 26. Qf4 h6 27. Rc6
Rb6 28. Qc4 Rb4 29. Qa6 Rb1+ 30. Kh2 Qb2 31. Qxa7 Ne8 32. Rc8 Qe2 33. Qd4+ Nf6
34. Rc6 Qe1 35. g4 Rd1 36. Qc3 Qg1+ 37. Kg3 Rxd5 38. a4 Re5 39. a5 Ne4+ 0-1

[Event "Women's Speed Chess Q6"]
[Site "chess.com INT"]
[Date "2021.06.05"]
[Round "1"]
[White "Komiagina, Maria"]
[Black "Chu, Ruotong"]
[Result "1/2-1/2"]
[WhiteTitle "WIM"]
[BlackTitle "WIM"]
[WhiteElo "2241"]
[BlackElo "2207"]
[WhiteFideId "4153987"]
[BlackFideId "8605653"]
[EventDate "2021.06.05"]

1. e4 c5 2. Nf3 e6 3. d4 cxd4 4. Nxd4 Nc6 5. Nc3 Qc7 6. Be3 Nf6 7. a3 a6 8. Nxc6
bxc6 9. Bd3 d5 10. O-O Be7 11. f4 c5 12. e5 Nd7 13. Bd2 c4 14. Be2 Qb6+ 15. Kh1
Qxb2 16. Rb1 Qxa3 17. f5 Nxe5 18. fxe6 Bxe6 19. Bf3 Nxf3 20. Qxf3 Rd8 21. Qg3
Bf6 22. Rxf6 gxf6 23. Rb7 Qa1+ 24. Rb1 Qa3 25. Qg7 Qf8 26. Qxf6 Rg8 27. Rb7 Rg6
28. Qe5 Qd6 29. Qh8+ Qf8 30. Qe5 Qd6 31. Qh8+ Qf8 32. Qe5 1/2-1/2

[Event "Women's Speed Chess Q6"]
[Site "chess.com INT"]
[Date "2021.06.05"]
[Round "1"]
[White "Li, Xueyi"]
[Black "Kashlinskaya, Alina"]
[Result "1/2-1/2"]
[WhiteTitle "WGM"]
[BlackTitle "IM"]
[WhiteElo "2303"]
[BlackElo "2494"]
[WhiteFideId "8605912"]
[BlackFideId "4198026"]
[EventDate "2021.06.05"]

1. d4 d5 2. Nf3 e6 3. g3 c6 4. Bg2 Bd6 5. b3 f5 6. Bb2 Nf6 7. Ne5 O-O 8. O-O b6
9. Nd2 Bb7 10. c4 Nbd7 11. Nd3 Qe7 12. a4 Ne4 13. a5 c5 14. dxc5 bxc5 15. cxd5
exd5 16. Nf3 f4 17. a6 Bc6 18. b4 fxg3 19. hxg3 c4 20. b5 Bxb5 21. Nf4 Bxf4 22.
Qxd5+ Kh8 23. gxf4 Rab8 24. Ba3 Nec5 25. Ne5 Rxf4 26. Nxd7 Qxd7 27. Qxc5 Rg4 28.
Rab1 Rxg2+ 29. Kxg2 Qg4+ 30. Kh2 Qh4+ 31. Kg1 Qg4+ 32. Kh2 Qh4+ 33. Kg1 Qg4+ 34.
Kh2 1/2-1/2

[Event "Women's Speed Chess Q6"]
[Site "chess.com INT"]
[Date "2021.06.05"]
[Round "1"]
[White "Morris-Suzuki, Sophie"]
[Black "Bommini, Mounika Akshaya"]
[Result "1-0"]
[WhiteTitle "WFM"]
[BlackTitle "WFM"]
[WhiteElo "2043"]
[BlackElo "2029"]
[WhiteFideId "30922615"]
[BlackFideId "25019872"]
[EventDate "2021.06.05"]

1. e4 Nc6 2. d4 e5 3. Nf3 exd4 4. Bc4 Nf6 5. e5 d5 6. Bb5 Ne4 7. Nxd4 Bc5 8.
Bxc6+ bxc6 9. O-O O-O 10. Be3 Bxd4 11. Bxd4 c5 12. Be3 d4 13. Bf4 f6 14. Nd2
fxe5 15. Bxe5 Nd6 16. Nb3 Bb7 17. Qg4 Qe7 18. Rae1 Rae8 19. Nxc5 Bd5 20. Bxd4
Qf7 21. Nd7 Be6 22. Rxe6 Rxe6 23. Nxf8 Re4 24. Qd1 Qxf8 25. Bc5 Qe7 26. h3 Re2
27. Qd5+ Kf8 28. Qa8+ Kf7 29. Qf3+ Ke8 30. Qb3 Kd7 31. Bxd6 Qxd6 32. Qb5+ 1-0

[Event "Women's Speed Chess Q6"]
[Site "chess.com INT"]
[Date "2021.06.05"]
[Round "1"]
[White "Torres Hernandez, Leslie Carolin"]
[Black "Gevorgyan, Maria"]
[Result "0-1"]
[WhiteTitle "WFM"]
[BlackTitle "WGM"]
[WhiteElo "1884"]
[BlackElo "2219"]
[WhiteFideId "8400504"]
[BlackFideId "13300270"]
[EventDate "2021.06.05"]

1. e4 c5 2. Nc3 e6 3. g3 d5 4. Bg2 d4 5. Nb1 d3 6. Nf3 Nc6 7. O-O Nb4 8. cxd3
Qxd3 9. Nc3 Nf6 10. e5 Nd7 11. a3 Nc6 12. Re1 Be7 13. Bf1 Qg6 14. d4 cxd4 15.
Nxd4 Ndxe5 16. Bb5 O-O 17. Bf4 Nxd4 18. Bxe5 Nc6 19. Bd3 f5 20. Bf4 b6 21. Bc4
Kh8 22. Qe2 Bf6 23. Nb5 e5 24. Bd2 Bb7 25. Nd6 Nd4 26. Qd3 Nf3+ 27. Kf1 Nxh2+
28. Kg1 Nf3+ 29. Kf1 Nxe1 30. Rxe1 Bc6 31. Bb4 Rad8 32. Qe3 Qh5 33. Rc1 Bf3 34.
Ke1 a5 0-1

[Event "Women's Speed Chess Q6"]
[Site "chess.com INT"]
[Date "2021.06.05"]
[Round "1"]
[White "Atalik, Ekaterina"]
[Black "Eswaran, Aksithi"]
[Result "1-0"]
[WhiteTitle "IM"]
[BlackTitle "WCM"]
[WhiteElo "2430"]
[BlackElo "1745"]
[WhiteFideId "4130189"]
[BlackFideId "2083485"]
[EventDate "2021.06.05"]

1. d4 d5 2. c4 c6 3. Nf3 Nf6 4. Nc3 e6 5. e3 Bd6 6. Bd3 O-O 7. O-O Nbd7 8. h3
dxc4 9. Bxc4 b5 10. Bd3 e5 11. Qc2 Bb7 12. Rd1 Qe7 13. dxe5 Nxe5 14. Nxe5 Bxe5
15. e4 a6 16. Bg5 c5 17. f4 Bd4+ 18. Kh1 h6 19. Bh4 Qe6 20. e5 Nd5 21. Nxd5 Qxd5
22. Re1 Qd7 23. Bh7+ Kh8 24. Bf5 Qc6 25. Rad1 Qb6 26. Be4 Rac8 27. Bxb7 Qxb7 28.
f5 Rce8 29. Bg3 Qd5 30. Re2 Qc6 31. Rf1 Rd8 32. f6 g6 33. Bf4 Kh7 34. Qc1 h5 35.
Bg3 Qd5 36. Qg5 Rde8 37. Bf4 Rh8 38. Qh6+ Kg8 39. Qg7# 1-0

[Event "Women's Speed Chess Q6"]
[Site "chess.com INT"]
[Date "2021.06.05"]
[Round "1"]
[White "Babiy, Olga"]
[Black "Grineva, Marianna"]
[Result "1-0"]
[WhiteTitle "WGM"]
[BlackTitle "WFM"]
[WhiteElo "2280"]
[BlackElo "2029"]
[WhiteFideId "14117258"]
[BlackFideId "14102013"]
[EventDate "2021.06.05"]

1. d4 d6 2. e4 Nd7 3. Nc3 Ngf6 4. f4 g6 5. Nf3 Bg7 6. Bd3 O-O 7. Be3 c6 8. Qd2
e5 9. dxe5 dxe5 10. f5 Ng4 11. Bg5 Qb6 12. h3 Ngf6 13. O-O-O Re8 14. g4 Nc5 15.
Be3 Qa5 16. g5 Nh5 17. f6 Bf8 18. Qh2 Nxd3+ 19. Rxd3 b5 20. Kb1 b4 21. Ne2 Be6
22. b3 Bc5 23. Bxc5 Qxc5 24. Qxe5 Qxe5 25. Nxe5 c5 26. Nc6 a5 27. Rhd1 a4 28.
Ne7+ Kf8 29. Nd5 axb3 30. axb3 Bxd5 31. Rxd5 Rxe4 32. Nc1 Rc8 33. Nd3 c4 34.
bxc4 Rexc4 35. Ne5 Nxf6 36. gxf6 Ke8 37. Nxc4 Rb8 38. Re5+ Kf8 39. Rd7 h6 40.
Ree7 Kg8 41. Rxf7 Rc8 42. Ne5 Re8 43. Rg7+ Kf8 44. Nxg6# 1-0